Day6 all songs. - Statistics

General Stats
  • This quiz has been taken 76 times
    48 since last reset
  • The average score is 41 of 74
Answer Stats
Hint Answer % Correct
Shoot me: Youth Part 1 Shoot me
93%
The Book of Us: Demon Zombie
89%
SUNRISE You Were Beautiful
86%
The Day Congratulations
82%
SUNRISE I Wait
82%
DAYDREAM Letting Go
82%
SUNRISE How Can I Say
79%
SUNRISE I smile
79%
The Book of Us: Entropy Sweet Chaos
79%
The Day Colors
75%
The Book of Us: Gravity Time of Our Life
75%
SUNRISE DANCE DANCE
71%
MOONRISE Hi Hello
71%
MOONRISE I Like You
71%
MOONRISE I Loved You
71%
Remember Us: Youth Part 2 Days Gone By
68%
SUNRISE My Day
68%
The Book of Us: Entropy Not Fine
64%
The Book of Us: Entropy Not mine
64%
MOONRISE When you Love Someone
64%
MOONRISE All Alone
61%
MOONRISE Better Better
61%
DAYDREAM Blood
61%
The Book of Us: Demon Love me or Leave me
61%
SUNRISE Man in a Movie
61%
Shoot me: Youth Part 1 Somehow
61%
MOONRISE What Can I Do
61%
The Book of Us: Demon Afraid
57%
The Book of Us: Gravity Best Part
57%
The Day Freely
57%
SUNRISE I'm Serious
57%
Shoot me: Youth Part 1 WARNING!
57%
DAYDREAM Wish
57%
The Book of Us: Entropy 365247
54%
MOONRISE Be Lazy
54%
The Book of Us: Gravity Cover
54%
SUNRISE Goodbye Winter
54%
MOONRISE I'll Try
54%
The Book of Us: Entropy Like a Flowing Wind
54%
MOONRISE Pouring
54%
The Book of Us: Gravity For Me
50%
DAYDREAM Hunt
50%
MOONRISE I Need Somebody
50%
SUNRISE Lean on me
50%
The Day Like That Sun
50%
Shoot me: Youth Part 1 Still
50%
The Book of Us: Gravity Wanna Go Back
50%
Remember Us: Youth Part 2 121U
46%
The Book of us: Entropy Deep in Love
46%
The Book of Us: Entropy EMERGENCY
46%
The Day Habits
46%
SUNRISE I Would
46%
The Book of Us: Entropy Rescue Me
46%
SUNRISE Say Wow
46%
The Book of Us: Demon Tick Tock
46%
The Book of Us: Demon 1 to 10
43%
Remember Us: Youth Part 2 Beautiful Feeling
43%
The Book of Us: Demon Day and night
43%
Remember Us: Youth Part 2 Hurt Road
43%
The Day Out of my mind
43%
DAYDREAM Sing Me
43%
The Book of Us: Demon STOP
43%
The Book of Us: Entropy Stop Talking
43%
Shoot me: Youth Part 1 Talking To
43%
Remember Us: Youth Part 2 Headache
39%
The Book of Us: Gravity How to Love
39%
MOONRISE I'll Remember
39%
MOONRISE Whatever!
39%
Remember Us: Youth Part 2 Marathon
36%
The Book of Us: Entropy OUCH
36%
Remember Us: Youth Part 2 So Cool
36%
The Book of Us: Entropy About Now
32%
DAYDREAM First Time
32%
Shoot me: Youth Part 1 Feeling Good
25%
No matching quizzes found
Score Distribution
Percent of People with Each Score
Percentile by Number Answered
Your Score History
You have not taken this quiz since the last reset